000 00547nam a2200181Ia 4500
008 100917s9999 xx 000 0 und d
082 _b48667
100 _aकुलकर्णी तारा
245 _aमर्दानी तुळसा
260 _bसंजय प्रकाशन
_c1979
300 _a68
365 _b5.5
520 _aबालविभाग
630 _aमर्दानी तुळसा
650 _aबालविभाग
730 _aमर्दानी तुळसा
942 _cBOOK
999 _c654061
_d654058